[Event "11th EUR-ch"]
[Site "Rijeka CRO"]
[Date "2010.03.14"]
[Round "8"]
[White "Nabaty, Tamir"]
[Black "Erdos, Viktor"]
[Result "1/2-1/2"]
[WhiteElo "2485"]
[BlackElo "2593"]
[EventDate "2010.03.06"]
[PlyCount "37"]

1.e4 c6 2.d4 d5 3.f3 Qb6 4.a4 dxe4 5.a5 Qc7 6.fxe4 e5 7.Nf3 exd4 8.Bc4 Be6
9.Bxe6 fxe6 10.Nxd4 Nf6 11.O-O Bc5 12.Rxf6 Bxd4+ 13.Qxd4 gxf6 14.Qxf6 Rf8 
15.Qxe6+ Qe7 16.Qc8+ Qd8 17.Qe6+ Qe7 18.Qc8+ Qd8 19.Qe6+ 1/2-1/2

[Event "11th EUR-ch"]
[Site "Rijeka CRO"]
[Date "2010.03.14"]
[Round "8"]
[White "Kotronias, Vasilios"]
[Black "Doric, Darko"]
[Result "1-0"]
[WhiteElo "2593"]
[BlackElo "2464"]
[EventDate "2010.03.06"]
[PlyCount "115"]

1.e4 c6 2.d4 d5 3.Nc3 dxe4 4.Nxe4 Bf5 5.Ng3 Bg6 6.h4 h6 7.Nf3 Nd7 8.h5 Bh7
9.Bd3 Bxd3 10.Qxd3 e6 11.Bf4 Qa5+ 12.Bd2 Qc7 13.O-O-O Ngf6 14.Ne4 O-O-O 
15.g3 Nxe4 16.Qxe4 Nf6 17.Qe2 Bd6 18.c4 c5 19.Bc3 cxd4 20.Nxd4 a6 21.Kb1 
Rd7 22.Rc1 Kb8 23.Nb3 Qc6 24.Rh4 Rhd8 25.c5 Bc7 26.Ba5 Bxa5 27.Nxa5 Qc7 
28.c6 Rd2 29.Qe1 b5 30.a4 R2d4 31.axb5 axb5 32.Qe2 R4d5 33.Rb4 Qxa5 34.c7+
Kc8 35.cxd8=Q+ Kxd8 36.Qe1 Nxh5 37.Rd4 Qxe1 38.Rxd5+ exd5 39.Rxe1 Nf6 40.
Kc2 Kd7 41.Kc3 Ne4+ 42.Kd4 Kd6 43.Ra1 Nc5 44.Ra8 Ne6+ 45.Ke3 h5 46.Ra6+ 
Kc5 47.Ra7 f6 48.Kd3 Kd6 49.Ra6+ Ke5 50.Rb6 g5 51.Rxb5 h4 52.Rb8 hxg3 53.
fxg3 f5 54.b4 f4 55.g4 d4 56.Rb5+ Kd6 57.Rf5 Kc6 58.Kc4 1-0

[Event "11th EUR-ch"]
[Site "Rijeka CRO"]
[Date "2010.03.14"]
[Round "8"]
[White "Maiwald, Jens-Uwe"]
[Black "Golod, Vitali"]
[Result "1/2-1/2"]
[WhiteElo "2474"]
[BlackElo "2590"]
[EventDate "2010.03.06"]
[PlyCount "148"]

1.e4 c5 2.d3 Nc6 3.g3 g6 4.Bg2 Bg7 5.Nf3 d6 6.O-O e5 7.Nc3 Nge7 8.Nd2 O-O 
9.Nc4 Be6 10.Nd5 Qd7 11.c3 Rad8 12.Qb3 Kh8 13.a4 h6 14.Qb5 Nc8 15.f4 exf4 
16.Bxf4 g5 17.Bd2 f5 18.a5 fxe4 19.dxe4 a6 20.Qb3 Ne5 21.Nxe5 Bxe5 22.Qa4 
Rxf1+ 23.Bxf1 Ne7 24.Qxd7 Rxd7 25.Nb6 Rd8 26.Bc4 Bg8 27.Bxg8 Kxg8 28.Be3 
Nc6 29.Nc4 Kf7 30.Kg2 Ke6 31.Rd1 Rf8 32.Rd2 Rg8 33.Rd1 Nd8 34.Rf1 Nf7 35.
Kh3 Bf6 36.Rf5 h5 37.Kg2 Be7 38.h3 Nh6 39.Rd5 Rg6 40.Bc1 Ng8 41.Be3 Rg7 
42.Kh2 Nf6 43.Rxg5 Ng4+ 44.hxg4 Bxg5 45.gxh5 d5 46.exd5+ Kxd5 47.h6 Rg6 
48.Bxg5 Rxg5 49.g4 Rg8 50.Ne3+ Ke4 51.Nf5 Kf4 52.Kh3 Kg5 53.Kg3 Rd8 54.Kf3
Kg6 55.Ke4 Rd2 56.b3 Rb2 57.Kd5 Rxb3 58.c4 Ra3 59.Nd6 Rxa5 60.Nxb7 Ra1 61.
Kxc5 Rb1 62.Na5 Kxh6 63.Kd6 Ra1 64.Nb7 a5 65.Nxa5 Rxa5 66.c5 Kg7 67.c6 Kf7
68.c7 Ra8 69.Kd7 Ra1 70.c8=Q Rd1+ 71.Kc6 Rc1+ 72.Kb7 Rxc8 73.Kxc8 Kf6 74.
g5+ Kxg5 1/2-1/2

[Event "11th EUR-ch"]
[Site "Rijeka CRO"]
[Date "2010.03.14"]
[Round "8"]
[White "Miron, Lucian-Costin"]
[Black "Buhmann, Rainer"]
[Result "0-1"]
[WhiteElo "2482"]
[BlackElo "2587"]
[EventDate "2010.03.06"]
[PlyCount "90"]

1.d4 d5 2.c4 c6 3.Nf3 Nf6 4.e3 a6 5.Nc3 e6 6.b3 Bb4 7.Bd2 Bd6 8.Bd3 c5 9.
O-O O-O 10.Rc1 Nc6 11.Ne2 b6 12.Bc3 Bb7 13.Ng3 cxd4 14.exd4 Ba3 15.Ra1 Rc8
16.Ne5 Nb4 17.Bb1 dxc4 18.bxc4 Nbd5 19.Qb3 Nxc3 20.Qxc3 Bd6 21.Qe3 b5 22.
c5 Bxe5 23.Qxe5 Qd5 24.Qxd5 Bxd5 25.Bd3 Bc6 26.Rfb1 Rb8 27.Rb2 Rfd8 28.Ne2
e5 29.dxe5 Ng4 30.Rd2 Nxe5 31.Rad1 Kf8 32.f3 Bxf3 33.Bxh7 Rxd2 34.Rxd2 Nc4
35.Rc2 Bxe2 36.Rxe2 g6 37.Bxg6 fxg6 38.Re6 a5 39.Rxg6 b4 40.c6 Rc8 41.Rh6 
Ke7 42.Kf2 a4 43.Rh7+ Kd6 44.Rb7 Kc5 45.Ra7 b3 0-1

[Event "11th EUR-ch"]
[Site "Rijeka CRO"]
[Date "2010.03.14"]
[Round "8"]
[White "Zhigalko, Andrei"]
[Black "Gallagher, Joseph"]
[Result "1-0"]
[WhiteElo "2587"]
[BlackElo "2486"]
[EventDate "2010.03.06"]
[PlyCount "89"]

1.e4 c5 2.Nf3 d6 3.d4 cxd4 4.Qxd4 Bd7 5.Bc4 Nc6 6.Qd3 Nf6 7.Nc3 a6 8.Bb3 
h6 9.h3 b5 10.O-O e6 11.Bf4 e5 12.Be3 Be7 13.a4 Nb4 14.Qe2 bxa4 15.Bxa4 
O-O 16.Rfd1 Qb8 17.Bxd7 Nxd7 18.Na4 Qb5 19.Rd2 Rfb8 20.c3 Nc6 21.c4 Qb7 
22.Nc3 Nf6 23.Nh4 Nd4 24.Bxd4 exd4 25.Rxd4 Qxb2 26.Qxb2 Rxb2 27.Nf5 Kf8 
28.Nxd6 Bxd6 29.Rxd6 Rc2 30.Rd3 g6 31.e5 Nh5 32.Nd5 Rd8 33.Rd4 Ng7 34.Rxa6
Ne6 35.Rh4 Kg7 36.Ra7 Re8 37.Re4 Rb8 38.Nf4 Nc5 39.Rd4 Rb1+ 40.Kh2 Re1 41.
Rd6 Kg8 42.Rf6 Rcc1 43.Rfxf7 Rh1+ 44.Kg3 Ne4+ 45.Kh4 1-0

[Event "11th EUR-ch"]
[Site "Rijeka CRO"]
[Date "2010.03.14"]
[Round "8"]
[White "Neubauer, Martin"]
[Black "Rakhmanov, Alexander"]
[Result "1/2-1/2"]
[WhiteElo "2465"]
[BlackElo "2584"]
[EventDate "2010.03.06"]
[PlyCount "119"]

1.d4 g6 2.Nf3 Bg7 3.c4 d6 4.Nc3 Nd7 5.e4 e6 6.g3 Ne7 7.Bg2 O-O 8.O-O h6 9.
Re1 a6 10.b3 e5 11.Bb2 Nc6 12.Nd5 Re8 13.Rc1 Nf8 14.Ne3 b6 15.Qd2 h5 16.h3
Bd7 17.Rcd1 Qc8 18.d5 Ne7 19.h4 Bh6 20.Qe2 Nh7 21.Nd2 Nf6 22.Rf1 Ng4 23.
Nxg4 hxg4 24.f4 gxf3 25.Nxf3 Bg4 26.Bc1 Bg7 27.Rd2 Rf8 28.Qe1 b5 29.Rdf2 
bxc4 30.bxc4 f6 31.Nh2 Bd7 32.Qd1 Rb8 33.h5 gxh5 34.Qxh5 Qe8 35.Qe2 Qg6 
36.Bf3 Bh3 37.Bg4 Bxg4 38.Qxg4 Qxg4 39.Nxg4 Rb4 40.Rc2 Rb1 41.Bd2 Rxf1+ 
42.Kxf1 f5 43.Nf2 fxe4 44.Kg2 e3 45.Bxe3 Nf5 46.Bc1 Bh6 47.Bxh6 Nxh6 48.c5
Nf5 49.Rc3 Rb8 50.cxd6 cxd6 51.g4 Ne7 52.Ne4 Nxd5 53.Rc6 Rb2+ 54.Kg3 Rxa2 
55.Rxd6 Nf4 56.g5 Kf7 57.Kg4 Ne6 58.Kf5 Ng7+ 59.Kxe5 Ra5+ 60.Rd5 1/2-1/2

[Event "11th EUR-ch"]
[Site "Rijeka CRO"]
[Date "2010.03.14"]
[Round "8"]
[White "Gagunashvili, Merab"]
[Black "Kalegin, Evgeny"]
[Result "1-0"]
[WhiteElo "2582"]
[BlackElo "2456"]
[EventDate "2010.03.06"]
[PlyCount "269"]

1.Nf3 c5 2.c4 g6 3.g3 Bg7 4.Bg2 Nc6 5.O-O e5 6.Nc3 Nge7 7.Ne1 O-O 8.Nc2 a6
9.d3 Rb8 10.Rb1 b5 11.cxb5 axb5 12.b4 cxb4 13.Nxb4 Nxb4 14.Rxb4 Ba6 15.Bg5
f6 16.Bd2 Kh8 17.Qb1 Nc6 18.Rb2 f5 19.Nxb5 Bxb5 20.Rxb5 Rxb5 21.Qxb5 Nd4 
22.Qd5 Nxe2+ 23.Kh1 Qb8 24.Qb7 e4 25.Rb1 Qxb7 26.Rxb7 d5 27.Rd7 Rb8 28.Bf1
Bc3 29.Bxe2 Bxd2 30.dxe4 fxe4 31.Rxd5 Rb2 32.Bc4 Be1 33.Re5 Bxf2 34.Rxe4 
Bc5 35.Re5 Bb4 36.Rb5 Ba3 37.Ra5 Bd6 38.Rd5 Bc7 39.Rd7 Bb6 40.Rd6 Bc7 41.
Rc6 Ba5 42.Ra6 Bb6 43.a4 Rb4 44.Bd5 Bd4 45.h4 Be5 46.Kg2 Rg4 47.Re6 Rxg3+ 
48.Kf2 Bf4 49.Bf3 g5 50.Re4 Rh3 51.a5 Rxh4 52.a6 Bd6 53.a7 Bc5+ 54.Kg3 
Bxa7 55.Re8+ Kg7 56.Re7+ Kf6 57.Rxa7 h6 58.Ra6+ Ke5 59.Bg4 Kd5 60.Rg6 Ke5 
61.Re6+ Kd5 62.Re1 Kd4 63.Kf3 Kd5 64.Rg1 Ke5 65.Ke3 h5 66.Bc8 g4 67.Ra1 
Rh3+ 68.Kf2 Rc3 69.Bd7 Rd3 70.Bb5 Rb3 71.Rh1 Rh3 72.Rc1 Rf3+ 73.Kg2 Rb3 
74.Rc5+ Kf4 75.Rxh5 Rb2+ 76.Kg1 Kg3 77.Bf1 Rd2 78.Ra5 Rf2 79.Ra4 Rf4 80.
Ra2 Re4 81.Ra3+ Kf4 82.Kf2 Rb4 83.Ra2 Rd4 84.Be2 Rb4 85.Rc2 Rd4 86.Rc8 Rb4
87.Rf8+ Kg5 88.Rg8+ Kh4 89.Rh8+ Kg5 90.Ke3 Rb3+ 91.Bd3 Rb4 92.Kf2 Rb3 93.
Rd8 Kh4 94.Rd4 Rb2+ 95.Be2 Kh3 96.Re4 Ra2 97.Re8 g3+ 98.Kg1 Ra1+ 99.Bf1+ 
Kg4 100.Kg2 Ra2+ 101.Be2+ Kf4 102.Kh3 Ra5 103.Rb8 Ra3 104.Rf8+ Ke4 105.Bg4
Rc3 106.Kg2 Ke5 107.Bf3 Rc7 108.Kxg3 Re7 109.Bg4 Ke4 110.Rf1 Ke5 111.Rf2 
Rc7 112.Re2+ Kd4 113.Kf4 Rc4 114.Bf5 Rb4 115.Be4 Rc4 116.Re1 Rc5 117.Rd1+ 
Kc3 118.Ke3 Kb4 119.Bd5 Kc3 120.Be4 Kc4 121.Rb1 Kc3 122.Rb6 Kc4 123.Rd6 
Kc3 124.Bd5 Rc7 125.Be6 Rc5 126.Rd3+ Kc2 127.Bb3+ Kb2 128.Kd4 Rh5 129.Bd5 
Rh4+ 130.Be4 Rh2 131.Rd1 Kb3 132.Rc1 Rd2+ 133.Bd3 Rh2 134.Rc8 Rh4+ 135.Be4
1-0

[Event "11th EUR-ch"]
[Site "Rijeka CRO"]
[Date "2010.03.14"]
[Round "8"]
[White "Bosiocic, Marin"]
[Black "Todorovic, Goran"]
[Result "0-1"]
[WhiteElo "2577"]
[BlackElo "2453"]
[EventDate "2010.03.06"]
[PlyCount "92"]

1.d4 d5 2.c4 e6 3.Nf3 Nf6 4.Nc3 c6 5.Bg5 h6 6.Bh4 dxc4 7.e4 g5 8.Bg3 b5 9.
Be2 Bb7 10.h4 g4 11.Ne5 Rg8 12.Bxg4 Nbd7 13.Nxd7 Nxd7 14.O-O Qb6 15.a4 a5 
16.e5 b4 17.Ne4 c5 18.dxc5 Bxc5 19.Qe2 O-O-O 20.Kh2 Bd5 21.Rac1 Qc6 22.
Rfe1 Nb6 23.Nf6 Kb7 24.Nxg8 Rxg8 25.Bh5 Nxa4 26.Bxf7 Rg7 27.Bh5 Bb6 28.Qd2
Rc7 29.Bg6 c3 30.Qxh6 Nxb2 31.Qg5 Qc4 32.h5 Nd3 33.h6 Nxc1 34.Qxc1 Qg4 35.
Qc2 Bxf2 36.Qxf2 Qxg6 37.Bf4 b3 38.Qe2 b2 39.Qb5+ Kc8 40.g4 Qc2+ 41.Kg3 
Qb3 42.Qa6+ Kb8 43.Be3 b1=Q 44.Rxb1 Qxb1 45.Qd6 Kb7 46.Qa3 Qe1+ 0-1

[Event "11th EUR-ch"]
[Site "Rijeka CRO"]
[Date "2010.03.14"]
[Round "8"]
[White "Womacka, Mathias"]
[Black "Yemelin, Vasily"]
[Result "1-0"]
[WhiteElo "2452"]
[BlackElo "2576"]
[EventDate "2010.03.06"]
[PlyCount "153"]

1.e4 c5 2.Nf3 Nc6 3.d4 cxd4 4.Nxd4 Nf6 5.Nc3 d6 6.Be2 e5 7.Nf3 h6 8.O-O 
Be7 9.Re1 O-O 10.h3 Be6 11.Bf1 Qd7 12.Nd5 Bd8 13.c4 Bxd5 14.cxd5 Ne7 15.a4
Ba5 16.Bd2 Bxd2 17.Nxd2 Nh7 18.Qb3 f5 19.Qb5 Rfd8 20.f3 Nf6 21.Rec1 Kf8 
22.b4 Qxb5 23.axb5 Rdc8 24.Bd3 Rxc1+ 25.Rxc1 Rc8 26.Rxc8+ Nxc8 27.g3 Ke7 
28.Nc4 Kd7 29.Kf2 Kc7 30.Ke3 Ne7 31.Kf2 Ng6 32.Ne3 f4 33.Nf5 fxg3+ 34.Kxg3
Nh5+ 35.Kf2 Nh8 36.b6+ axb6 37.Bb5 Nf4 38.Nxg7 Kd8 39.Kg3 Nf7 40.Nf5 Nh5+ 
41.Kg4 Nf6+ 42.Kh4 Kc7 43.Ng7 Kd8 44.Kg3 Ke7 45.h4 Kd8 46.Bf1 Ke7 47.Bh3 
Kf8 48.Ne6+ Ke7 49.Bg4 Nh8 50.Bf5 Nh5+ 51.Kg4 Nf6+ 52.Kh3 Nh5 53.Kg4 Nf6+ 
54.Kg3 Nh5+ 55.Kf2 Nf4 56.b5 Nf7 57.Nc7 Nd3+ 58.Kg3 Nf4 59.Na8 Ne2+ 60.Kg4
Nd4 61.Nxb6 Nxb5 62.Be6 Nd4 63.Bxf7 Kxf7 64.Nc8 Nb5 65.f4 exf4 66.Kxf4 Kf6
67.h5 Kf7 68.e5 dxe5+ 69.Kxe5 Ke8 70.Nb6 Nc3 71.d6 Ne2 72.Kf5 Kf7 73.d7 
Nd4+ 74.Ke5 Nc6+ 75.Kd6 Kf6 76.Kc7 Ke5 77.Nc4+ 1-0

[Event "11th EUR-ch"]
[Site "Rijeka CRO"]
[Date "2010.03.14"]
[Round "8"]
[White "Hera, Imre jr"]
[Black "Iakemov, Vladimir"]
[Result "1/2-1/2"]
[WhiteElo "2574"]
[BlackElo "2463"]
[EventDate "2010.03.06"]
[PlyCount "180"]

1.d4 d5 2.c4 e6 3.Nc3 Nc6 4.Nf3 Bb4 5.Bg5 Nf6 6.e3 h6 7.Bh4 g5 8.Bg3 Ne4 
9.Qc2 h5 10.h4 Nxg3 11.fxg3 g4 12.Nd2 Qd6 13.O-O-O Bxc3 14.Qxc3 Qxg3 15.
Bd3 Bd7 16.e4 O-O-O 17.cxd5 exd5 18.exd5 Nb4 19.Bc4 Qd6 20.Ne4 Qb6 21.Rhf1
Ba4 22.Rf6 Qa5 23.Rdf1 Bb5 24.d6 Kb8 25.R6f5 cxd6 26.Rxb5 Nxa2+ 27.Bxa2 
Qxb5 28.Bc4 Qb6 29.Nf6 Qc6 30.d5 Qc7 31.Bb5 Rc8 32.Qxc7+ Kxc7 33.Kd2 Kd8 
34.Rf5 Ke7 35.Nxh5 Rc5 36.Bd3 a5 37.g3 Rh6 38.Nf4 b5 39.Rg5 b4 40.Rg8 Kf6 
41.Bc2 Rc7 42.Ra8 Rc5 43.Ra7 Rh8 44.Bb3 Rhc8 45.Rd7 Ra8 46.Rxd6+ Ke7 47.
Rb6 a4 48.Nd3 Rcc8 49.d6+ Kd8 50.Bd5 Rab8 51.Rxb4 Rxb4 52.Nxb4 Kd7 53.Bxf7
Kxd6 54.Nd3 Rf8 55.Bh5 Rf3 56.Bxg4 Rxg3 57.Bd1 Rg2+ 58.Kc3 Rh2 59.h5 Rh1 
60.Nf2 Rf1 61.Ne4+ Ke5 62.Bc2 Rh1 63.Nc5 a3 64.bxa3 Rxh5 65.Kc4 Kd6 66.
Ne4+ Kc6 67.a4 Kb6 68.Kb4 Rd5 69.Kc4 Rh5 70.Kb4 Rd5 71.Nc3 Rd4+ 72.Ka3 Ka5
73.Nd1 Rc4 74.Bb3 Rc1 75.Kb2 Rc8 76.Ne3 Kb4 77.Nc2+ Ka5 78.Ka3 Rc3 79.Kb2 
Rc5 80.Ne3 Kb4 81.Nd1 Rh5 82.Nc3 Rh2+ 83.Bc2 Rg2 84.Nd5+ Ka5 85.Nc3 Kb4 
86.Na2+ Ka5 87.Nc3 Kb4 88.Nd5+ Ka5 89.Ne3 Rxc2+ 90.Kxc2 Kxa4 1/2-1/2

[Event "11th EUR-ch"]
[Site "Rijeka CRO"]
[Date "2010.03.14"]
[Round "8"]
[White "Nevednichy, Vladislav"]
[Black "Potapov, Pavel"]
[Result "1-0"]
[WhiteElo "2572"]
[BlackElo "2427"]
[EventDate "2010.03.06"]
[PlyCount "103"]

1.e4 c5 2.Nf3 Nc6 3.Bb5 g6 4.Bxc6 bxc6 5.O-O Bg7 6.c3 Nh6 7.d4 Qb6 8.h3 f6
9.b3 cxd4 10.cxd4 O-O 11.Re1 d6 12.Nbd2 Ba6 13.Qc2 Rac8 14.Nc4 Qc7 15.Ba3 
Nf7 16.Rac1 Rfe8 17.Qc3 Bb5 18.Bb2 d5 19.Ncd2 Qb7 20.a4 Ba6 21.b4 e5 22.
Qb3 Qd7 23.Rcd1 Bb7 24.Bc3 Re7 25.Qb2 Rce8 26.Nb3 Qc7 27.dxe5 fxe5 28.Nc5 
d4 29.Bd2 Bc8 30.Rc1 Qd6 31.Rc2 Qf6 32.Qb3 Be6 33.Nxe6 Rxe6 34.Rec1 g5 35.
Ne1 Qg6 36.f3 h5 37.g4 Rd8 38.Nd3 h4 39.Kg2 Kh8 40.Rc5 Rf8 41.Qc2 Nd8 42.
Qd1 Nb7 43.R5c2 Ref6 44.Ne1 Nd6 45.Qe2 Nxe4 46.fxe4 Qf7 47.Bxg5 Rf1 48.
Bxh4 Bh6 49.Nd3 Bxc1 50.Rxc1 Rxc1 51.Nxc1 Qe6 52.Nd3 1-0

[Event "11th EUR-ch"]
[Site "Rijeka CRO"]
[Date "2010.03.14"]
[Round "8"]
[White "Iotov, Valentin"]
[Black "Valsecchi, Alessio"]
[Result "1-0"]
[WhiteElo "2568"]
[BlackElo "2360"]
[EventDate "2010.03.06"]
[PlyCount "81"]

1.d4 Nf6 2.c4 g6 3.Nc3 Bg7 4.e4 d6 5.Nf3 O-O 6.h3 c5 7.d5 e6 8.Bg5 Re8 9.
Bd3 a6 10.O-O Nbd7 11.Qd2 Rb8 12.Rfe1 Qc7 13.Rac1 e5 14.a3 Nh5 15.b4 b6 
16.Bc2 b5 17.cxb5 axb5 18.a4 bxa4 19.bxc5 Nxc5 20.Nxa4 Bd7 21.Nxc5 Qxc5 
22.Ba4 Qa7 23.Bc6 Rec8 24.Be3 Qc7 25.Qa2 Nf4 26.Qa3 Bf8 27.Ba7 Bxh3 28.
Bxb8 Rxb8 29.gxh3 Qc8 30.Nh2 Rb2 31.Qxb2 Qxh3 32.f3 Bh6 33.Bb5 Bg5 34.Bf1 
Qg3+ 35.Kh1 h5 36.Red1 h4 37.Rc2 h3 38.Qb8+ Kg7 39.Qc8 Ne6 40.dxe6 Be3 41.
Bxh3 1-0

[Event "11th EUR-ch"]
[Site "Rijeka CRO"]
[Date "2010.03.14"]
[Round "8"]
[White "Petrosian, Davit Gevorgi"]
[Black "Minasian, Artashes"]
[Result "1-0"]
[WhiteElo "2468"]
[BlackElo "2568"]
[EventDate "2010.03.06"]
[PlyCount "45"]

1.e4 c6 2.d4 d5 3.e5 Bf5 4.Nc3 e6 5.g4 Bg6 6.Nge2 Be7 7.Be3 Nd7 8.Qd2 f6 
9.Bf4 b5 10.Bg3 b4 11.Na4 fxe5 12.dxe5 Be4 13.Nd4 Bxh1 14.Nxe6 Qa5 15.Qf4 
Bf8 16.Bd3 Ne7 17.O-O-O Bg2 18.Ng5 Nxe5 19.Qxe5 Qxa4 20.Bf5 g6 21.Be6 Qa5 
22.Bf7+ Kd8 23.Qxh8 1-0

[Event "11th EUR-ch"]
[Site "Rijeka CRO"]
[Date "2010.03.14"]
[Round "8"]
[White "Zufic, Miroslav"]
[Black "Sanikidze, Tornike"]
[Result "0-1"]
[WhiteElo "2445"]
[BlackElo "2566"]
[EventDate "2010.03.06"]
[PlyCount "98"]

1.e4 c5 2.Nf3 d6 3.d4 cxd4 4.Nxd4 Nf6 5.Nc3 Nc6 6.f3 e5 7.Nb3 Be7 8.Be3 
O-O 9.Qd2 a5 10.Bb5 Be6 11.Rd1 Na7 12.Be2 Nc8 13.Qc1 a4 14.Nc5 Nb6 15.Nb5 
Bc8 16.c4 Ne8 17.O-O g6 18.Nd3 Bd7 19.Nb4 Rc8 20.Na3 Be6 21.b3 axb3 22.
axb3 f5 23.exf5 gxf5 24.Qb2 f4 25.Bf2 Nd7 26.Nb5 Rf6 27.Nd5 Bxd5 28.Rxd5 
Rh6 29.Rfd1 Bh4 30.Bf1 Rc6 31.c5 Qe7 32.Nxd6 Nxd6 33.cxd6 Bxf2+ 34.Qxf2 
Qg7 35.Bb5 Rc3 36.Qd2 Re3 37.Bxd7 Qxd7 38.Qc2 Rg6 39.Rc1 Kf7 40.Qc7 Ke6 
41.Qxd7+ Kxd7 42.Rc7+ Kd8 43.Rxb7 Re2 44.g4 fxg3 45.hxg3 Rxg3+ 46.Kf1 Rgg2
47.Rxh7 Ref2+ 48.Ke1 Re2+ 49.Kd1 Ra2 0-1

[Event "11th EUR-ch"]
[Site "Rijeka CRO"]
[Date "2010.03.14"]
[Round "8"]
[White "Dvirnyy, Danyyil"]
[Black "Grigorian, Avetik"]
[Result "1/2-1/2"]
[WhiteElo "2450"]
[BlackElo "2565"]
[EventDate "2010.03.06"]
[PlyCount "91"]

1.e4 e5 2.Nf3 Nc6 3.Bb5 Nf6 4.O-O Nxe4 5.d4 Nd6 6.Bxc6 dxc6 7.dxe5 Nf5 8.
Qxd8+ Kxd8 9.Nc3 Ke8 10.h3 h5 11.b3 Be7 12.Re1 Nh4 13.Nxh4 Bxh4 14.Ne4 Bf5
15.g3 Be7 16.Nd6+ cxd6 17.exd6 Be6 18.dxe7 Kxe7 19.Bb2 f6 20.h4 Kf7 21.f3 
Bf5 22.c3 a5 23.Ba3 Be6 24.Re4 Rhe8 25.Rae1 Rad8 26.Kf2 Rd2+ 27.R1e2 Rxe2+
28.Kxe2 g5 29.Bc5 f5 30.Re3 f4 31.gxf4 gxh4 32.f5 Bxf5 33.Rxe8 Kxe8 34.b4 
h3 35.Bg1 axb4 36.cxb4 b6 37.Kf2 c5 38.Kg3 Kd7 39.bxc5 b5 40.c6+ Kxc6 41.
a3 Kd5 42.Be3 Kc4 43.Bh6 Kd3 44.Kh2 Ke2 45.Bf8 Kxf3 46.Bb4 1/2-1/2

[Event "11th EUR-ch"]
[Site "Rijeka CRO"]
[Date "2010.03.14"]
[Round "8"]
[White "Kurmann, Oliver"]
[Black "Nijboer, Friso"]
[Result "0-1"]
[WhiteElo "2432"]
[BlackElo "2562"]
[EventDate "2010.03.06"]
[PlyCount "42"]

1.e4 c5 2.Nf3 Nc6 3.d4 cxd4 4.Nxd4 Nf6 5.Nc3 d6 6.Bg5 e6 7.Qd2 a6 8.O-O-O 
Be7 9.f4 Nxd4 10.Qxd4 b5 11.Bxf6 gxf6 12.e5 d5 13.Be2 Rb8 14.Bh5 Qb6 15.
Qd3 O-O 16.Rhe1 Kh8 17.Kb1 Qc7 18.Re3 fxe5 19.Rh3 exf4 20.Bg6 fxg6 21.Qxg6
Bf6 0-1

[Event "11th EUR-ch"]
[Site "Rijeka CRO"]
[Date "2010.03.14"]
[Round "8"]
[White "Dragomirescu, Robin-Alexandru"]
[Black "Babula, Vlastimil"]
[Result "0-1"]
[WhiteElo "2372"]
[BlackElo "2554"]
[EventDate "2010.03.06"]
[PlyCount "82"]

1.e4 c5 2.Nf3 d6 3.d4 cxd4 4.Nxd4 Nf6 5.Nc3 a6 6.Be3 e6 7.f3 b5 8.Qd2 Bb7 
9.O-O-O Nbd7 10.g4 Rc8 11.Bd3 Nb6 12.g5 Nfd7 13.Kb1 Be7 14.h4 b4 15.Nce2 
d5 16.exd5 Nxd5 17.Nf4 Ne5 18.Nfxe6 fxe6 19.Nxe6 Qa5 20.Nxg7+ Kf7 21.Bd4 
Nc3+ 22.bxc3 bxc3 23.Qf4+ Kg8 24.Bxc3 Qxc3 25.Nf5 Qb4+ 26.Qxb4 Bxb4 27.a3 
Bc3 28.Ne7+ Kg7 29.Nxc8 Bxc8 30.Kc1 Be6 31.Bxa6 Rb8 32.Rdf1 Rb6 33.Bd3 Ba2
34.Kd1 Nxd3 35.Ke2 Nf4+ 36.Kf2 Bd4+ 37.Kg3 Be5 38.Rd1 Rc6 39.Rd2 Rc3 40.a4
Bd5 41.Rf1 Ng6+ 0-1

[Event "11th EUR-ch"]
[Site "Rijeka CRO"]
[Date "2010.03.14"]
[Round "8"]
[White "Sarbok, Torsten"]
[Black "Damljanovic, Branko"]
[Result "0-1"]
[WhiteElo "2319"]
[BlackElo "2550"]
[EventDate "2010.03.06"]
[PlyCount "100"]

1.e4 c5 2.Nf3 d6 3.d4 cxd4 4.Nxd4 Nf6 5.Nc3 Nc6 6.Be2 g6 7.O-O Bg7 8.Be3 
O-O 9.Qd2 Bd7 10.f3 Rc8 11.Nxc6 Bxc6 12.Nb5 Bxb5 13.Bxb5 a6 14.Bd3 d5 15.
e5 Nd7 16.f4 e6 17.Rac1 Qh4 18.g3 Qe7 19.c4 dxc4 20.Rxc4 Rxc4 21.Bxc4 Rc8 
22.Be2 Bf8 23.Bf3 Rc7 24.Qa5 Qd8 25.Rd1 Qc8 26.Qd2 Kg7 27.b4 Be7 28.a3 a5 
29.Rc1 axb4 30.axb4 Nb6 31.Rxc7 Qxc7 32.Bf2 Nc4 33.Qc3 b5 34.Kg2 Qd7 35.
Qd4 Qc8 36.Be1 Qa6 37.Qd7 Bf8 38.Kh3 Qa4 39.Bg4 Qa6 40.Bf3 h5 41.f5 Qa3 
42.f6+ Kg8 43.Qxb5 Qd3 44.Bd2 Qf1+ 45.Kh4 Nxd2 46.Qxf1 Nxf1 47.b5 Bc5 48.
Be2 Ne3 49.Kg5 Nd5 50.Bd3 Be3+ 0-1

[Event "11th EUR-ch"]
[Site "Rijeka CRO"]
[Date "2010.03.14"]
[Round "8"]
[White "Kadric, Denis"]
[Black "Lopez Martinez, Josep Manuel"]
[Result "0-1"]
[WhiteElo "2171"]
[BlackElo "2548"]
[EventDate "2010.03.06"]
[PlyCount "86"]

1.e4 c5 2.Nf3 d6 3.d4 cxd4 4.Nxd4 Nf6 5.Nc3 a6 6.g3 e5 7.Nb3 Be7 8.Bg2 O-O
9.O-O b5 10.a4 b4 11.Nd5 Nxd5 12.Qxd5 Ra7 13.Be3 Be6 14.Qd3 Rb7 15.Rfd1 
Qc7 16.Nd2 Rc8 17.Rac1 Qa5 18.Ra1 Qc7 19.Rac1 Qd7 20.b3 Rbc7 21.Nb1 Rc6 
22.f4 f6 23.f5 Bf7 24.Bf3 Bd8 25.Rd2 Qb7 26.Re1 Bb6 27.Bd1 Rc3 28.Nxc3 
Rxc3 29.Qxd6 Rxe3 30.Rxe3 Bxe3+ 31.Kg2 h6 32.Rd3 Bd4 33.Bf3 Qc8 34.Rd2 a5 
35.Be2 Nd7 36.Ba6 Qc3 37.Re2 Nb6 38.g4 Qa1 39.Qd8+ Kh7 40.Qf8 Qg1+ 41.Kh3 
Nd5 42.exd5 Bxd5 43.Bc4 Qf1+ 0-1

[Event "11th EUR-ch"]
[Site "Rijeka CRO"]
[Date "2010.03.14"]
[Round "8"]
[White "Neverov, Valeriy"]
[Black "Djurovic, Goran"]
[Result "1/2-1/2"]
[WhiteElo "2542"]
[BlackElo "2276"]
[EventDate "2010.03.06"]
[PlyCount "87"]

1.d4 Nf6 2.c4 e6 3.Nc3 Bb4 4.e3 O-O 5.Ne2 d5 6.a3 Be7 7.cxd5 Nxd5 8.g3 
Nxc3 9.Nxc3 c5 10.dxc5 Qxd1+ 11.Kxd1 Bxc5 12.Bg2 Nd7 13.Kc2 Rb8 14.Rd1 Nb6
15.a4 Nc4 16.b3 Na5 17.Ne4 Be7 18.Ba3 Bxa3 19.Rxa3 e5 20.b4 Nc6 21.b5 Na5 
22.Rc3 Be6 23.Nc5 b6 24.Nxe6 fxe6 25.f4 Rbc8 26.Rd3 Rxc3+ 27.Rxc3 g5 28.
Bh3 gxf4 29.Bxe6+ Kg7 30.exf4 exf4 31.Rc7+ Kf6 32.Bh3 fxg3 33.hxg3 Rf7 34.
Rxf7+ Kxf7 35.Bg2 Kf6 36.Kc3 Ke5 37.Bf3 h6 38.Bh1 Kf5 39.Bf3 Ke5 40.Bg2 
Kf5 41.Bh3+ Ke4 42.Bg2+ Kf5 43.Bh3+ Ke4 44.Bg2+ 1/2-1/2

[Event "11th EUR-ch"]
[Site "Rijeka CRO"]
[Date "2010.03.14"]
[Round "8"]
[White "Shytaj, Luca"]
[Black "Smirin, Ilia"]
[Result "0-1"]
[WhiteElo "2472"]
[BlackElo "2647"]
[EventDate "2010.03.06"]
[PlyCount "62"]

1.e4 c5 2.Nf3 e6 3.d4 cxd4 4.Nxd4 a6 5.c4 Nf6 6.Nc3 Qc7 7.Be3 b6 8.a3 Bb7 
9.f3 d6 10.Be2 Nbd7 11.Rc1 Rc8 12.O-O Be7 13.Qd2 Qb8 14.b4 O-O 15.Rc2 Bd8 
16.Kh1 Re8 17.Bg1 h5 18.Rb1 Ne5 19.Na4 Nxe4 20.fxe4 Bxe4 21.Rbc1 Qb7 22.
Bf1 Bg5 23.Be3 Bxe3 24.Qxe3 Bxc2 25.Rxc2 b5 26.cxb5 Rxc2 27.Nxc2 axb5 28.
Nc3 Rc8 29.Nd4 Qb6 30.Ncxb5 Ng4 31.Qe2 e5 0-1

[Event "11th EUR-ch"]
[Site "Rijeka CRO"]
[Date "2010.03.14"]
[Round "8"]
[White "Postny, Evgeny"]
[Black "Yilmaz, Mustafa"]
[Result "1-0"]
[WhiteElo "2641"]
[BlackElo "2468"]
[EventDate "2010.03.06"]
[PlyCount "63"]

1.c4 c6 2.e4 d5 3.exd5 cxd5 4.d4 Nf6 5.Nc3 e6 6.c5 Be7 7.Nf3 O-O 8.Qc2 b6 
9.b4 Bb7 10.Rb1 Nc6 11.Bd3 Rc8 12.O-O Ne4 13.b5 Nxd4 14.Nxd4 Nxc3 15.Bxh7+
Kh8 16.Qxc3 Kxh7 17.c6 Kg8 18.Qh3 Ba8 19.Rb3 Bf6 20.Qg4 Re8 21.Rh3 Bxd4 
22.Qxd4 e5 23.Qd3 e4 24.Qd4 Qd6 25.Rh5 Red8 26.Rd1 Bxc6 27.bxc6 Rxc6 28.
Bb2 f6 29.Rxd5 Qxd5 30.Qxd5+ Rxd5 31.Rxd5 Rc2 32.Rb5 1-0

[Event "11th EUR-ch"]
[Site "Rijeka CRO"]
[Date "2010.03.14"]
[Round "8"]
[White "Gutov, Andrey"]
[Black "Bartel, Mateusz"]
[Result "1-0"]
[WhiteElo "2437"]
[BlackElo "2634"]
[EventDate "2010.03.06"]
[PlyCount "85"]

1.d4 Nf6 2.c4 e6 3.Nc3 Bb4 4.e3 b6 5.a3 Bxc3+ 6.bxc3 Ba6 7.Bd3 O-O 8.e4 
Ne8 9.e5 f5 10.f4 c5 11.Nf3 Nc6 12.d5 Na5 13.d6 Bxc4 14.Bxc4 Nxc4 15.Qd3 
b5 16.a4 a6 17.O-O g6 18.Nd2 Nxd2 19.Bxd2 Rb8 20.Rfb1 Qb6 21.axb5 axb5 22.
Qf3 Ng7 23.Be3 Rfc8 24.Rb2 Kf7 25.Rba2 Qd8 26.Ra7 b4 27.c4 b3 28.Rb7 Rxb7 
29.Qxb7 Rb8 30.Qa7 Qc8 31.Rb1 b2 32.Qc7 Qxc7 33.dxc7 Rc8 34.Rxb2 Rxc7 35.
Rb5 g5 36.fxg5 Kg6 37.Kf2 f4 38.Bxf4 Ra7 39.g4 Ne8 40.h4 Ra2+ 41.Kf3 Ra3+ 
42.Ke4 Rc3 43.Rxc5 1-0

[Event "11th EUR-ch"]
[Site "Rijeka CRO"]
[Date "2010.03.14"]
[Round "8"]
[White "Smirnov, Artem"]
[Black "Banikas, Hristos"]
[Result "1-0"]
[WhiteElo "2435"]
[BlackElo "2617"]
[EventDate "2010.03.06"]
[PlyCount "137"]

1.d4 Nf6 2.c4 e6 3.Nf3 b6 4.g3 Bb7 5.Bg2 Be7 6.O-O O-O 7.Nc3 Ne4 8.Bd2 f5 
9.Qc2 Bf6 10.Rad1 Nxc3 11.Bxc3 Be4 12.Qc1 d6 13.Ne1 Bxg2 14.Nxg2 Qe8 15.
Nf4 g5 16.Nd3 Nd7 17.c5 Qh5 18.c6 Nb8 19.d5 exd5 20.Nb4 Bd8 21.Qd2 Qf7 22.
f4 h6 23.fxg5 Bxg5 24.Qxd5 Kh7 25.Kh1 Qg8 26.Qd3 Qg6 27.g4 f4 28.Qxg6+ 
Kxg6 29.Nd5 Na6 30.b4 Rf7 31.h4 Bxh4 32.Nxf4+ Kh7 33.Ng2 Bf2 34.Nh4 Re8 
35.Nf5 Rxe2 36.Rd2 Rxd2 37.Bxd2 Bd4 38.Rf3 Bg7 39.Ra3 Nb8 40.b5 a6 41.bxa6
Nxc6 42.a7 Nxa7 43.Rxa7 Bf8 44.Nd4 Re7 45.Kg2 Kg6 46.Kf3 Rf7+ 47.Bf4 d5 
48.Nb5 h5 49.Rxc7 hxg4+ 50.Kxg4 Rf6 51.Rd7 Rc6 52.Rxd5 Rc4 53.Rd4 Rc2 54.
a4 Bc5 55.Re4 Rg2+ 56.Kf3 Rf2+ 57.Kg3 Ra2 58.Bd6 Bg1 59.Kf4 Rb2 60.Ke5 Kf7
61.Rf4+ Ke8 62.Ke6 Re2+ 63.Kd5 Rc2 64.Rf8+ Kd7 65.Rf7+ Ke8 66.Ra7 Rc1 67.
Ke6 Re1+ 68.Be5 Kf8 69.Rh7 1-0